| Поле | Инд. | ПП | Название | Значение |
|---|---|---|---|---|
| Тип записи | a | |||
| Библиографический уровень | a | |||
| 001 | Контрольный номер | 04320bf2f2b94a65b37f245337b8dde0 | ||
| 005 | Дата корректировки | 20150429120318.9 | ||
| 020 | a | ISBN | 978-5-90-428030-7 | |
| 040 | a | Служба первич. каталог. | НБ ТвГУ | |
| b | Код языка каталог. | rus | ||
| e | Правила каталог. | PSBO | ||
| 041 | 0_ | a | Код языка текста | rus |
| 097 | b | Оператор | novikova | |
| 100 | 1_ | a | Автор | Ковалев Сергей Александрович |
| q | Полное имя | Ковалев С. А. | ||
| 245 | 10 | a | Заглавие | Работы С. А. Ковалева 1928-1929 гг. |
| 260 | a | Место издания | Москва | |
| b | Издательство | Кодекс | ||
| 440 | _0 | a | Серия | Научные сборники Московского филиала Географического общества |
| 500 | a | Примечание | Работы С. А. Ковалева: Наши западные соседи и их вооруженные силы. - С. 544-546; Иностранные концессии в СССР. - С. 546-547 | |
| 653 | 0_ | a | Ключевые слова | 1928-1929 гг. |
| a | Ключевые слова | Ковалев Сергей Александрович | ||
| a | Ключевые слова | Работы С. А. Ковалева 1928-1929 гг. | ||
| a | Ключевые слова | СССР, страна | ||
| a | Ключевые слова | Наши западные соседи и их вооруженные силы, работа С. А. Ковалева | ||
| a | Ключевые слова | Ученый | ||
| a | Ключевые слова | Иностранные концессии в СССР, работа С. А. Ковалева | ||
| 773 | 18 | w | Контрольный № источника | RU/IS/BASE/463589685 |
| t | Название источника | География населения и социальная география | ||
| d | Место и дата издания | Москва : Кодекс, 2013 | ||
| g | Прочая информация | Сб. 135. - С. 544-547 | ||
| 901 | t | Тип документа | a | |
| 920 | a | Оператор | Нови |